000 00419nam a2200121Ia 4500
008 160609s9999 xx 000 0 und d
100 _aPomerantz, Anne.
245 _aHumor In The Classroom: A Guide For Language Teachers And Educational Researchers
245 _cBy:Anne Pomerantz, Nancy Bell
260 _c2015
650 _xLANGUAGE ED
856 _uhttp://file.ebook777.com/002/HumInTheClaAGuiForLanTeaAndEduRes.pdf
999 _c295879
_d295879